MyGZULibrary

Principles of managerial finance / (Record no. 885)

MARC details
000 -LEADER
fixed length control field 01422cam a2200385 a 4500
001 - CONTROL NUMBER
control field 15081107
003 - CONTROL NUMBER IDENTIFIER
control field GZU
005 - DATE AND TIME OF LATEST TRANSACTION
control field 20200916091530.0
008 - FIXED-LENGTH DATA ELEMENTS--GENERAL INFORMATION
fixed length control field 071115s2009 maua b 001 0 eng
010 ## - LIBRARY OF CONGRESS CONTROL NUMBER
LC control number 2007046000
020 ## - INTERNATIONAL STANDARD BOOK NUMBER
International Standard Book Number 9780273779865
020 ## - INTERNATIONAL STANDARD BOOK NUMBER
International Standard Book Number 0321524136 (alk. paper)
020 ## - INTERNATIONAL STANDARD BOOK NUMBER
International Standard Book Number 0321412397 (Student access kit)
020 ## - INTERNATIONAL STANDARD BOOK NUMBER
International Standard Book Number 9780321412393 (Student access kit)
020 ## - INTERNATIONAL STANDARD BOOK NUMBER
International Standard Book Number 0321557530 (set)
020 ## - INTERNATIONAL STANDARD BOOK NUMBER
International Standard Book Number 9780321557537 (set)
035 ## - SYSTEM CONTROL NUMBER
System control number (OCoLC)ocn181424075
035 ## - SYSTEM CONTROL NUMBER
System control number (OCoLC)181424075
Canceled/invalid control number (OCoLC)184829053
040 ## - CATALOGING SOURCE
Original cataloging agency DLC
Transcribing agency DLC
Modifying agency BAKER
-- C#P
-- YDXCP
-- BWX
-- BTCTA
-- DLC
050 00 - LIBRARY OF CONGRESS CALL NUMBER
Classification number HG4011
Item number .GT 2013
082 00 - DEWEY DECIMAL CLASSIFICATION NUMBER
Classification number 658.15
Edition number 22
100 1# - MAIN ENTRY--PERSONAL NAME
Personal name Gitman, Lawrence J.
Relator term author
245 10 - TITLE STATEMENT
Title Principles of managerial finance /
Statement of responsibility, etc. Lawrence J. Gitman and Chad J. Zutter.
250 ## - EDITION STATEMENT
Edition statement 12th ed.
260 ## - PUBLICATION, DISTRIBUTION, ETC.
Place of publication, distribution, etc. Boston :
Name of publisher, distributor, etc. Pearson Prentice Hall,
Date of publication, distribution, etc. c2009.
300 ## - PHYSICAL DESCRIPTION
Extent 848p.
Other physical details ill. ;
Dimensions 27 cm.
500 ## - GENERAL NOTE
General note Accompanied by Student access kit for online materials.
504 ## - BIBLIOGRAPHY, ETC. NOTE
Bibliography, etc. note Includes bibliographical references and index.
650 #0 - SUBJECT ADDED ENTRY--TOPICAL TERM
Topical term or geographic name entry element Corporations
General subdivision Finance.
650 #0 - SUBJECT ADDED ENTRY--TOPICAL TERM
Topical term or geographic name entry element Business enterprises
General subdivision Finance.
856 41 - ELECTRONIC LOCATION AND ACCESS
Materials specified Table of contents only
Uniform Resource Identifier <a href="http://www.loc.gov/catdir/toc/ecip084/2007046000.html">http://www.loc.gov/catdir/toc/ecip084/2007046000.html</a>
906 ## - LOCAL DATA ELEMENT F, LDF (RLIN)
a 7
b cbc
c orignew
d 1
e ecip
f 20
g y-gencatlg
942 ## - ADDED ENTRY ELEMENTS (KOHA)
Source of classification or shelving scheme Library of Congress Classification
Koha item type Books
Classification part 4011
Item part GIT
Call number prefix HG
Holdings
Withdrawn status Lost status Source of classification or shelving scheme Damaged status Not for loan Collection code Home library Current library Shelving location Date acquired Total Checkouts Full call number Barcode Date last seen Copy number Price effective from Koha item type Source of acquisition Inventory number
    Library of Congress Classification     Non-fiction City Campus Library City Campus Library General Stacks 09/16/2020   HG 4011 GIT 2013 001954 09/16/2020 C-1 09/16/2020 Books    
          Non-fiction City Campus Library City Campus Library General Stacks 10/26/2020   HG4011.GIT 2013 001952 10/26/2020 C.2 10/26/2020 Books purchase 20172
          Non-fiction City Campus Library City Campus Library General Stacks 10/26/2020   HG4011.GIT 2013 B015215 10/26/2020 C.3 10/26/2020 Books purchase B015215
          Non-fiction City Campus Library City Campus Library General Stacks 10/26/2020   HG4011.GIT 2009 g23025 10/26/2020 C.4 10/26/2020 Books purchase g23025
          Non-fiction Graduate School Resource Centre Graduate School Resource Centre General Stacks 06/10/2021   HG4011.GIT 2009 003308 06/10/2021 c. 6 06/10/2021 Books   18697
          Non-fiction Graduate School Resource Centre Graduate School Resource Centre General Stacks 06/10/2021   HG4011.GIT 2009 003303 06/10/2021 c.7 06/10/2021 Books   18691
          Non-fiction Graduate School Resource Centre Graduate School Resource Centre General Stacks 06/10/2021   HG4011.GIT 2009 003298 06/10/2021 c. 8 06/10/2021 Books   003298
          Non-fiction Mashava Campus Library Mashava Campus Library General Stacks 05/21/2021   HG4011.GIT 2009 5359 05/21/2021 c.5 05/21/2021 Books   5359